विश्व धर्म- सम्मेलन / (Record no. 46081)

MARC details
000 -LEADER
fixed length control field 00929nam a22002177a 4500
005 - DATE AND TIME OF LATEST TRANSACTION
control field 20190413135122.0
008 - FIXED-LENGTH DATA ELEMENTS--GENERAL INFORMATION
fixed length control field 100915t xxu||||| |||| 00| 0 hin d
010 ## - LCCN (DPL NO)
LC control number HIN-90485
020 ## - INTERNATIONAL STANDARD BOOK NUMBER
International Standard Book Number 8173154945
Terms of availability 250.00
035 ## - SYSTEM CONTROL NUMBER
System control number HN-62831, B-152872
037 ## - SOURCE OF ACQUISITION
Source of stock number/acquisition DBAD / PUB
040 ## - CATALOGING SOURCE
Original cataloging agency DPL
Language of cataloging HN
082 ## - DEWEY DECIMAL CLASSIFICATION NUMBER
Classification number 291
100 ## - MAIN ENTRY--PERSONAL NAME
Personal name झुंझुनवाला, लक्ष्मीनिवास
9 (RLIN) 20178
245 ## - TITLE STATEMENT
Title विश्व धर्म- सम्मेलन /
Statement of responsibility, etc लक्षमीनिवास झुंझुनवाला
246 ## - VARYING FORM OF TITLE
Title proper/short title Vishva dharma sammelan
Remainder of title by Laxminiwas Jhunjhunwala
260 ## - PUBLICATION, DISTRIBUTION, ETC. (IMPRINT)
Place of publication, distribution, etc नई दिल्ली
Name of publisher, distributor, etc प्रभात प्रकाशन
Date of publication, distribution, etc 2009
270 ## - ADDRESS
Address 4/19 आसफ अली रोड
City नई दिल्ली
Postal code 110002
300 ## - PHYSICAL DESCRIPTION
Extent 187पृ.
Dimensions 22सेमी (सजिल्द)
Other physical details सचित्र
942 ## - ADDED ENTRY ELEMENTS (KOHA)
Source of classification or shelving scheme Dewey Decimal Classification
Item type Hindi Books
Classification part 291
Call number suffix झुंझुन
Holdings
Withdrawn status Lost status Source of classification or shelving scheme Damaged status Not for loan Collection code Home library Current library Date acquired Source of acquisition Cost, normal purchase price Total Checkouts Full call number Barcode Date last seen Copy number Cost, replacement price Koha item type Total Renewals
    Dewey Decimal Classification   Not For Loan Non-fiction D.B.Act.Division D.B.Act.Division 16/09/2010 DBAD / PUB 250.00   291 झुंझुन HN-62831 16/09/2010 1 250.00 Hindi Books  
    Dewey Decimal Classification     Non-fiction Shahdara Branch Shahdara Branch 13/04/2019 BPPD/PUB 200.00 1 291 झुंझुन B-152872 02/02/2020   200.00 Hindi Books 2

© Delhi Public Library
Hit Counter
free hit counter